Курс частной патологии и терапии внутренних болезней / (Record no. 540236)
[ view plain ]
| 000 -LEADER | |
|---|---|
| fixed length control field | 01051nam a2200265 a 4500 |
| 001 - CONTROL NUMBER | |
| control field | 001193057 |
| 003 - CONTROL NUMBER IDENTIFIER | |
| control field | AM-YEHGA |
| 005 - DATE AND TIME OF LATEST TRANSACTION | |
| control field | 20260406135514.0 |
| 008 - FIXED-LENGTH DATA ELEMENTS--GENERAL INFORMATION | |
| fixed length control field | 161128m1927 ru af|||r|||||000|0|rus|d |
| 040 ## - CATALOGING SOURCE | |
| Original cataloging agency | AM-YEHGA |
| 041 0# - LANGUAGE CODE | |
| Language code of text/sound track or separate title | rus |
| 100 1# - MAIN ENTRY--PERSONAL NAME | |
| Personal name | Чистович, Николай Яковлевич |
| 245 10 - TITLE STATEMENT | |
| Title | Курс частной патологии и терапии внутренних болезней / |
| Statement of responsibility, etc. | Н.Я. Чистович, проф. Воен.-мед. акад. и Ленингр. мед. ин-та. |
| 250 ## - EDITION STATEMENT | |
| Edition statement | 5-е изд. |
| 260 ## - PUBLICATION, DISTRIBUTION, ETC. | |
| Place of publication, distribution, etc. | М. ; |
| -- | Л. : |
| Name of publisher, distributor, etc. | Гос. изд., |
| Date of publication, distribution, etc. | 1927-. |
| 300 ## - PHYSICAL DESCRIPTION | |
| Extent | том ; |
| Dimensions | 26 см. |
| 490 1# - SERIES STATEMENT | |
| Series statement | Пособия для высшей школы |
| 505 10 - FORMATTED CONTENTS NOTE | |
| Miscellaneous information | Т. 1, ч. 1 (1927, 256, 2 с., табл.) : |
| 650 14 - SUBJECT ADDED ENTRY--TOPICAL TERM | |
| Topical term or geographic name entry element | Медицина |
| 650 14 - SUBJECT ADDED ENTRY--TOPICAL TERM | |
| Topical term or geographic name entry element | Патология и частная терапия |
| 650 14 - SUBJECT ADDED ENTRY--TOPICAL TERM | |
| Topical term or geographic name entry element | Клиническая медицина |
| 650 14 - SUBJECT ADDED ENTRY--TOPICAL TERM | |
| Topical term or geographic name entry element | Внутренние болезни |
| 830 #0 - SERIES ADDED ENTRY--UNIFORM TITLE | |
| Uniform title | Пособия для высшей школы |
| 942 ## - ADDED ENTRY ELEMENTS (KOHA) | |
| Source of classification or shelving scheme | Universal Decimal Classification |
| Koha item type | Գրքեր / Books |
| Withdrawn status | Lost status | Source of classification or shelving scheme | Damaged status | Not for loan | Collection | Home library | Current library | Date acquired | Serial enumeration / chronology | Total checkouts | Full call number | Barcode | Date last seen | Price effective from | Koha item type | Public note |
|---|---|---|---|---|---|---|---|---|---|---|---|---|---|---|---|---|
| Universal Decimal Classification | Gharibyan individual Collection | Fundamental Scientific Library | Fundamental Scientific Library | 21/01/2026 | Т.1, Ч.1 | Гар/1433 | FL0701782 | 21/01/2026 | 21/01/2026 | Գրքեր / Books | ILL Non-Circ. |
ՀՀ Գիտությունների ազգային ակադեմիայի հիմնարար գիտական գրադարան = Fundamental Scientific Library of NAS RA
All site content, except where otherwise noted, is licensed under a